Estatísticas para Todos os Clubes Participantes das 5 Grandes Ligas Europeias

Clique aqui para jogar o quiz

Estatísticas Gerais

  • Esse quiz foi jogado 230 vezes
  • A pontuação média é 48 de 98

Estatísticas das Respostas

LigaClube% Correto
Ligue 1Paris Saint-Germain
95%
La LigaReal Madrid
95%
La LigaBarcelona
94%
Premier LeagueManchester City
92%
Premier LeagueManchester United
91%
Ligue 1Marseille
91%
La LigaAtlético de Madrid
87%
Premier LeagueLiverpool
86%
Serie AMilan
85%
Premier LeagueArsenal
84%
Serie AInternazionale
84%
BundesligaBayern de Munique
83%
Premier LeagueAston Villa
82%
Premier LeagueChelsea
82%
Serie AJuventus
80%
Ligue 1Lyon
79%
BundesligaBorussia Dortmund
78%
Serie ANapoli
77%
Premier LeagueTottenham
77%
La LigaSevilla
72%
La LigaValencia
71%
Serie ARoma
68%
Ligue 1Monaco
67%
Premier LeagueWolverhampton
66%
La LigaBetis
65%
Premier LeagueEverton
65%
La LigaReal Sociedad
64%
La LigaVillarreal
64%
Serie ALazio
63%
Premier LeagueWest Ham
63%
BundesligaBayer Leverkusen
62%
Premier LeagueNewcastle United
61%
Premier LeagueBrighton & Hove Albion
60%
Serie AAtalanta
58%
Ligue 1Lille
57%
La LigaAthletic Bilbao
56%
Premier LeagueNottingham Forest
55%
Premier LeagueLeicester City
53%
Premier LeagueFulham
52%
La LigaCelta de Vigo
51%
Serie AFiorentina
50%
Premier LeagueCrystal Palace
49%
BundesligaBorussia Mönchengladbach
47%
Premier LeagueSouthampton
47%
Ligue 1Nantes
46%
Serie ABologna
45%
La LigaEspanyol
45%
Serie AHellas Verona
45%
Serie ATorino
45%
BundesligaWolfsburg
45%
La LigaGirona
43%
Premier LeagueLeeds United
42%
Ligue 1Nice
42%
La LigaValladolid
42%
Premier LeagueBrentford
41%
Ligue 1Lens
41%
BundesligaRB Leipzig
41%
Serie ASassuolo
40%
BundesligaSchalke 04
40%
La LigaCádiz
39%
La LigaGetafe
39%
BundesligaUnion Berlin
38%
La LigaMallorca
37%
Premier LeagueBournemouth
36%
BundesligaEintracht Frankfurt
36%
Serie ASampdoria
36%
La LigaAlmería
35%
BundesligaKöln
34%
Ligue 1Toulouse
34%
La LigaOsasuna
33%
La LigaRayo Vallecano
33%
BundesligaWerder Bremen
33%
BundesligaHertha Berlim
32%
Ligue 1Rennes
32%
BundesligaMainz 05
31%
BundesligaAugsburg
30%
Serie ASalernitana
30%
Serie AUdinese
30%
BundesligaStuttgart
29%
La LigaElche
28%
Ligue 1Brest
27%
BundesligaFreiburg
26%
Ligue 1Montpellier
26%
Serie AMonza
26%
Ligue 1Angers
24%
BundesligaHoffenheim
24%
BundesligaBochum
23%
Ligue 1Auxerre
22%
Ligue 1Lorient
22%
Ligue 1Reims
22%
Ligue 1Ajaccio
21%
Serie AEmpoli
21%
Serie ASpezia
21%
Serie ALecce
19%
Ligue 1Strasbourg
19%
Serie ACremonese
18%
Ligue 1Clermont
16%
Ligue 1Troyes
15%

Distribuição das Pontuações

Percentil de Números Respondidos

Porcentagem de Pessoas com Cada Pontuação

Sua Pontuação Histórica

Você não jogou esse quiz